Responses for show #8318 - Wednesday, January 20, 2021

Brian Chang game 2.

Contestants

[<< previous game]

Sarah Cascone, an art journalist and critic from New York, New York

Hannah Pritchett, a payment operations manager from Oakland, California

Brian Chang, an attorney from Chicago, Illinois (whose 1-day cash winnings total $13,201)

[next game >>]

Jeopardy! Round responses

'80s HITS
GIRL YOU KNOW IT'S TRUE
EVERYBODY WANTS TO RULE THE WORLD
DON'T YOU (FORGET ABOUT ME)
I RAN (SO FAR AWAY)
WORD "UP"
(Ken: All correct response there will begin with "up".)
    $200 28
Pink Floyd

Sarah
    $200 3
Earhart

Sarah
    $200 4
Syria

Brian
    $200 17
foam

Brian
    $200 10
the Boston Marathon

Sarah
    $200 24
upload

Brian
    $400 29
"Livin' On A Prayer"

Hannah
    $400 7
(Ken: Yes, Alpha Phi.)

a sorority

Brian
    $500 19
(Hannah: What is Grande?)
...
(Ken: He was Jaime el [*], the Conqueror.)

Conquistador

Hannah
    $400 20
forget-me-not

Sarah
    $400 21
(Hannah: What is the New York City Marathon?)

Chicago

BrianHannah
    $400 13
upkeep

Brian
    $600 12
(Ken: That great rapper, yes.)
[Audience laughs]

Dangerfield

Brian
    $600 9
(Ken: Yes, love [*] names.)

roller derby

Sarah
    $600 18
(Old) Delhi

Hannah
    $600 25
mnemonic

Brian
    $600 22
Buckingham Palace

Hannah
    $600 5
upgrade

Brian
    $800 16
Huey Lewis and the News

Triple Stumper
    $800 11
(Brian: What is the helm?)
...
(Ken: We were looking for [*] because it was an all-female group--not just one woman at the helm.)

the bridge

Brian
Triple Stumper
    $800 6
Pompey

Hannah
    $800 26
(Ken: Less than a minute now.)

memento mori

Hannah
    $800 14
the Brandenburg Gate

Hannah
    $800 2
upstage

Sarah
    $1000 30
"Puttin' On The Ritz"

Brian
    $1000 15
ladies-in-waiting

Sarah
    $1000 8
(Sarah: Who is Midas?)

Croesus

HannahSarah
    $1000 27
Spain

Brian
    $1000 23
Dubai

Brian
    $1000 1
upbraid

Brian

Scores at the first commercial break (after clue 15):

Brian Hannah Sarah
$2,400 $2,600 $1,800

Scores at the end of the Jeopardy! Round:

Brian Hannah Sarah
$6,800 $4,100 $2,400

Double Jeopardy! Round responses

FICTIONAL CHARACTERS
SCIENCE GLOSSARY
MEN OF MYTH
POLY ESTHER
WORD ORIGINS
ACTORS' FILMOGRAPHIES
    $400 13
Valjean

Brian
    $400 30
chromosomes

Triple Stumper
    $400 12
Orpheus

Hannah
    $400 22
(Ken: I feel very old right now; that's [*].)

Good Times

Triple Stumper
    $400 10
ostrich

Brian
    $400 20
(Sarah: [*]. What is [*]? Who is [*]?)
(Ken: What? Who? I'll take it all.)

Amy Schumer

Sarah
    $800 2
(Winston) Smith

Brian
    $2,000 15
metamorphic

Brian
    $800 17
(Brian: What is maiden?)
(Hannah: What is a rack?)

a bed

BrianHannah
Triple Stumper
    $800 23
aqueducts

Sarah
    $800 9
chauvinism

Hannah
    $800 21
Denzel Washington

Hannah
    $1200 1
Adam

Triple Stumper
    $1200 6
salt

Brian
    $1200 18
Paris

Sarah
    $2,200 24
Plath

Sarah
    $1200 8
[Hannah, unsure of how to say it, ended it with a "drees" sound & then "drills" sound.]
(Ken: I say [*]. Sure, let's call the whole thing off.)

espadrilles

Hannah
    $1200 25
Brie Larson

Triple Stumper
    $1600 4
Randle McMurphy

Triple Stumper
    $1600 5
(Sarah: What is Fermi? Fermite?)

fermions

Sarah
Triple Stumper
    $1600 11
the Furies

Sarah
    $1600 29
Mordecai

Hannah
    $1600 3
pianoforte

Brian
    $1600 26
(Hannah: Who is Charlize Theron?)

Tom Hardy

Hannah
Triple Stumper
    $2000 16
(Sarah: What is Songs of Solomon?)

Song of Solomon

HannahSarah
    $2000 14
string theory

Brian
    $2000 19
Achilles

Sarah
    $2000 28
Esther Williams

Hannah
    $2000 7
(Sarah: What is cannon?)

blunderbuss

BrianSarah
    $2000 27
Idris Elba

Triple Stumper

Scores at the end of the Double Jeopardy! Round:

Brian Hannah Sarah
$16,400 $10,500 $5,000

[wagering suggestions for these scores]

Final Jeopardy! Round responses

THE WESTERN U.S.
(Ken: That is correct--the gold rush in California and the silver mine in Nevada.)
SarahWhat are Sacramento and Carson City
$5,000
HannahWhat are Sacramento and Carson City?
$100
BrianWhat are Sacramento & Carson City?
$4,601
Sacramento & Carson City

Final scores:

Brian Hannah Sarah
$21,001 $10,600 $10,000
2-day champion: $34,202 2nd place: $2,000 3rd place: $1,000

Game dynamics:

Coryat scores:

Brian Hannah Sarah
$15,200 $11,000 $4,000
21 R
(including 1 DD),
2 W
14 R,
4 W
(including 1 DD)
13 R
(including 1 DD),
4 W

Combined Coryat: $30,200

The J! Archive is created by fans, for fans. The Jeopardy! game show and all elements thereof, including but not limited to copyright and trademark thereto, are the property of Jeopardy Productions, Inc. and are protected under law. This website is not affiliated with, sponsored by, or operated by Jeopardy Productions, Inc. Join the discussion at JBoard.tv.